LEADER 00761nam a2200193 i 4500 001 000000225359 003 CaOOAMICUS 005 20190802090446.0 008 131202s1974 xx u000 u mul u 013 $a204261 040 $aSeMil$bita 245 10$a5: Bibliographia Bonaventuriana :$bc. 1850-1973 /$ccura Jacques Guy Bougerol. 300 $a700 p., [2] c. di tav. :$bill. 700 1 $aBougerol, Jacques Guy .$0(OLS)http://semarc/name/90579 773 0 $tS. Bonaventura.$dRoma : Collegio S. Bonaventura, 1973-1974.$g5$w()1466 850 $aSeMil 852 $aSeMil$W1$xVenegono$y1$m2N II 125$j175705$B175705$CSeMilBibl$Z2$F185948 $81 996 $6245$a5: Bibliographia Bonaventuriana :$bc. 1850-1973$9(OLS)http://semarc/title/322781 LEADER 01152nam a2200277 4500 001 000000353005 003 CaOOAMICUS 005 20230302084222.0 008 230301s2022 it 000 u ita r 020 $a978-88-15-29972-7 040 $aSeMil$bita 100 1 $aIvetic, Egidio,$d<1965- >.$0(OLS)http://semarc/name/78507 245 10$aEst/Ovest :$bil confine dentro l'Europa /$cEgidio Ivetic. 264 1$aBologna :$bIl Mulino,$c2022. 300 $a172 p. ;$c18 cm 490 1 $aVoci 650 4$aConfini - Europa orientale - Sec. 20.-21.$0(OLS)http://semarc/subject/53505 650 4$aPolitica - Europa orientale - Sec. 20.-21.$0(OLS)http://semarc/subject/53504 830 0$aVoci.$0(OLS)http://semarc/title/422936 850 $aSeMil 852 $aSeMil$W1$xVenegono$y1$m3V I 120$j239057$B244236$CSeMilBibl$Z2$F244236 $81 961 $aConti don Gildo - Omaggio 996 $6020$a978-88-15-29972-7$9(OLS)http://semarc/number/297705 996 $6245$aEst/Ovest :$bil confine dentro l'Europa$9(OLS)http://semarc/title/442980 996 $6264$aBologna :$bIl Mulino$9(OLS)http://semarc/publisher/29842